000 00630cam a2200217 i 4500
001 3199751
005 20250730213925.0
008 771123s1976 enk d 000 0 eng
020 _a0421208201 :
_c£3.25.
_a0421225009
050 0 0 _aKD313
_b.O8 1976
082 0 0 _a340/.0942
100 1 _aOsborn, Percy George.
245 1 0 _aOsborn's Concise law dictionary.
250 _a8th ed. /
_bby John Burke.
260 _aLondon :
_bSweet and Maxwell,
_c1976.
300 _avii, 392 p. ;
_c22 cm.
650 0 _aLaw
_xDictionaries.
650 0 _aLaw
_zGreat Britain
_xDictionaries.
700 1 _aBurke, John McDonald.
942 _2lcc
_cBK
_n0
999 _c257
_d257